Symmetrical Flags (Left to Right) - Statistics

General Stats
  • This quiz has been taken 27 times
  • The average score is 35 of 60
Answer Stats
Answer % Correct
Canada
88%
Germany
88%
Poland
82%
Indonesia
76%
Japan
76%
Netherlands
76%
Russia
76%
Estonia
71%
Hungary
71%
India
71%
Latvia
71%
Lithuania
71%
Luxembourg
71%
Monaco
71%
Niger
71%
Switzerland
71%
Thailand
71%
Ukraine
71%
Vietnam
71%
Yemen
71%
Albania
65%
Austria
65%
Kenya
65%
Morocco
65%
Nigeria
65%
Peru
65%
Somalia
65%
Armenia
59%
Bulgaria
59%
Costa Rica
59%
Honduras
59%
Israel
59%
Tajikistan
59%
Barbados
53%
Colombia
53%
Georgia
53%
Lesotho
53%
North Macedonia
53%
Botswana
47%
Ethiopia
47%
Gambia
47%
Ghana
47%
Jamaica
47%
Laos
47%
Malawi
47%
Mauritania
47%
Sierra Leone
47%
Syria
47%
Antigua and Barbuda
41%
Cambodia
41%
Kyrgyzstan
41%
Mauritius
41%
Micronesia
41%
Saint Lucia
41%
Suriname
41%
Burkina Faso
35%
Burundi
35%
Gabon
35%
Myanmar
35%
Venezuela
35%
No matching quizzes found
Score Distribution
Percent of People with Each Score
Percentile by Number Answered
Your Score History
You have not taken this quiz